000 00493nam a22001817a 4500
003 NUST - PNEC
005 20170116181050.0
008 150929b xxu||||| |||| 00| 0 eng d
020 _a0705409856
040 _cLIBRARY
082 _a909.081 TIM
100 _911822
_aTime-life books
245 _aThe Pulse of enterprise : AD 1800-1850
_cTime-Life Books
260 _aU.S.A.
_cc1990.
300 _a178 p.:
650 _911833
_aEconomic history, history, modem
_xGeneral
942 _2ddc
_cBK
999 _c68364
_d68364